| 000 | 00649nam a2200217 a 4500 | ||
|---|---|---|---|
| 005 | 20240316063915.0 | ||
| 008 | 061109s1988 ea r 000 0 eng d | ||
| 020 | _a0521347904 | ||
| 035 | _aUPN01000147914 | ||
| 049 | _aCG | ||
| 050 | 4 |
_aBF575 A3 _bA7.2 |
|
| 100 | 1 |
_aArcher, John, _d1944- _931219 |
|
| 245 | 1 | 4 |
_aThe behavioural biology of aggression / _cJohn Archer. |
| 260 |
_aE.U.A. : _bCambridge, _c1988. |
||
| 300 | _aviii, 257 p. | ||
| 440 | 0 | _aCambridge studies in behavioural biology | |
| 650 | 4 |
_aAgresividad (Psicología) _92250 |
|
| 650 | 2 |
_aAgresión _92247 |
|
| 650 | 4 |
_aCONDUCTA AGRESIVA EN LOS ANIMALES _99958 |
|
| 905 | _aLibro | ||
| 999 |
_c120056 _d120056 |
||